Deep in the Forest (Record no. 11754)

MARC details
000 -LEADER
fixed length control field 00255nam a22000977a 4500
008 - FIXED-LENGTH DATA ELEMENTS--GENERAL INFORMATION
fixed length control field 200114b ||||| |||| 00| 0 eng d
020 ## - INTERNATIONAL STANDARD BOOK NUMBER
International Standard Book Number 9780440843634
100 ## - MAIN ENTRY--PERSONAL NAME
Personal name Turkle Brinton
9 (RLIN) 7440
245 ## - TITLE STATEMENT
Title Deep in the Forest
260 ## - PUBLICATION, DISTRIBUTION, ETC. (IMPRINT)
Place of publication, distribution, etc. New York
Name of publisher, distributor, etc. Trumpet Club
Date of publication, distribution, etc. 1992
Holdings
Withdrawn status Lost status Source of classification or shelving scheme Damaged status Koha normalized classification for sorting Not for loan Home library Current library Shelving location Date acquired Total Checkouts Full call number Barcode Date last seen Price effective from Koha item type
    Dewey Decimal Classification   823_000000000000000_JUNLIB   Good Samaritan School Library Good Samaritan School Library FICTION 01/14/2020   823 JUNLIB TUR15814 01/14/2020 01/14/2020 BOOK

Powered by Koha